[Event "POL-chT 2nd League"]
[Site "Lazy"]
[Date "2012.09.04"]
[Round "4"]
[White "Nowak, Malgorzata"]
[Black "Gosciniak, Maria"]
[Result "1/2-1/2"]
[WhiteElo "2084"]
[BlackElo "2135"]
[PlyCount "23"]
[EventDate "2012.09.01"]
[EventType "team-swiss"]
[EventRounds "9"]
[EventCountry "POL"]
[SourceTitle "EXT 2019"]
[Source "ChessBase"]
[SourceDate "2018.10.10"]
[SourceVersion "1"]
[SourceVersionDate "2018.10.10"]
[SourceQuality "1"]
[WhiteTeam "Warszawa Sharks"]
[BlackTeam "Krakow Wisla"]
[WhiteTeamCountry "POL"]
[BlackTeamCountry "POL"]

1. e4 e5 2. Nf3 Nf6 3. d4 Nxe4 4. Bd3 d5 5. Nxe5 Nd7 6. Nxf7 Kxf7 7. Qh5+ Ke6 8. Qe2 Kf7 9. Qh5+ Ke6 10. Qe2 Kf7 11. Qh5+ Ke6 12. Qe2 1/2-1/2

[Event "Warsaw AIG Life rapid 8th"]
[Site "Warsaw"]
[Date "2008.12.20"]
[Round "2"]
[White "Akesson, Ralf"]
[Black "Nowak, Malgorzata"]
[Result "1-0"]
[WhiteElo "2484"]
[BlackElo "2082"]
[PlyCount "53"]
[EventDate "2008.12.20"]
[EventType "swiss (rapid)"]
[EventRounds "13"]
[EventCountry "POL"]
[SourceTitle "CBM 127 Extra"]
[Source "ChessBase"]
[SourceDate "2009.01.08"]
[SourceVersion "2"]
[SourceVersionDate "2009.01.28"]
[SourceQuality "1"]

1. d4 d5 2. c4 dxc4 3. Nf3 Nf6 4. e3 e6 5. Bxc4 c5 6. 0-0 a6 7. Bb3 Nc6 8. Nc3 cxd4 9. exd4 Be7 10. a3 0-0 11. Re1 b5 12. d5 exd5 13. Nxd5 Nxd5 14. Bxd5 Bb7 15. Bf4 Bf6 16. Rc1 Rc8 17. Rc2 Na5 18. Rd2 Bxd5 19. Rxd5 Qb6 20. Ne5 Bxe5 21. Bxe5 Nc4 22. Bc3 Rcd8 23. Qg4 g6 24. Red1 Rxd5 25. Rxd5 Rd8 26. Qe4 Rxd5 27. Qe8# 1-0

[Event "EU-ch U18 Girls 18th"]
[Site "Herceg Novi"]
[Date "2008.09.24"]
[Round "9"]
[White "Nowak, Malgorzata"]
[Black "Fuchs, Judith"]
[Result "0-1"]
[WhiteElo "2052"]
[BlackElo "2197"]
[PlyCount "58"]
[EventDate "2008.09.15"]
[EventType "swiss"]
[EventRounds "9"]
[EventCountry "MNE"]
[SourceTitle "CBM 126 Extra"]
[Source "ChessBase"]
[SourceDate "2008.11.05"]
[SourceVersion "1"]
[SourceVersionDate "2008.11.05"]
[SourceQuality "1"]

1. d4 Nf6 2. c4 e6 3. Nc3 Bb4 4. Qc2 0-0 5. a3 Bxc3+ 6. Qxc3 Ne4 7. Qc2 f5 8. Nf3 b6 9. e3 Bb7 10. Bd3 d6 11. 0-0 Nd7 12. Nd2 Qh4 13. f3 Ng5 14. Rf2 Rf6 15. Nf1 Rg6 16. Kh1 c5 17. d5 Ne5 18. g3 Qh3 19. e4 Ngxf3 20. Bf4 Nd4 21. Qd1 Nxd3 22. Qxd3 fxe4 23. Qxe4 exd5 24. cxd5 Re6 25. Qg2 Qh5 26. g4 Qxd5 27. Ne3 Rxe3 28. Bxe3 Qxg2+ 29. Rxg2 Nc2 0-1

[Event "EU-ch U18 Girls 18th"]
[Site "Herceg Novi"]
[Date "2008.09.19"]
[Round "5"]
[White "Tsirulnik, Maritsa"]
[Black "Nowak, Malgorzata"]
[Result "1/2-1/2"]
[WhiteElo "2110"]
[BlackElo "2052"]
[PlyCount "94"]
[EventDate "2008.09.15"]
[EventType "swiss"]
[EventRounds "9"]
[EventCountry "MNE"]
[SourceTitle "CBM 126 Extra"]
[Source "ChessBase"]
[SourceDate "2008.11.05"]
[SourceVersion "1"]
[SourceVersionDate "2008.11.05"]
[SourceQuality "1"]

1. c4 e5 2. Nc3 Nf6 3. e3 Bb4 4. Nge2 Nc6 5. g3 d5 6. cxd5 Nxd5 7. Bg2 Nb6 8. 0-0 0-0 9. a3 Be7 10. b4 Be6 11. d3 Qd7 12. Qc2 f5 13. Bb2 Bf6 14. Rfd1 Qf7 15. Rd2 Bb3 16. Qc1 Rfd8 17. Qe1 Rd7 18. Nc1 Be6 19. Rb1 Rad8 20. Ba1 Be7 21. Rc2 f4 22. Bxc6 bxc6 23. exf4 exf4 24. N1e2 fxg3 25. hxg3 Rxd3 26. Nf4 Bf5 27. Nxd3 Bxd3 28. Rd2 Bxb1 29. Rxd8+ Bxd8 30. Nxb1 Nd5 31. Nd2 Bf6 32. Bxf6 Nxf6 33. Ne4 Nd5 34. Nc5 Qe7 35. Qxe7 Nxe7 36. Ne6 Nd5 37. Kg2 Nc3 38. Nxc7 Nb5 39. Ne6 Nxa3 40. Nd4 Nb5 41. Nxc6 Kf7 42. Kf3 Ke6 43. Ke4 Kd6 44. Ne5 Nc3+ 45. Kd4 Ne2+ 46. Ke4 Nc3+ 47. Kd4 Ne2+ 1/2-1/2

[Event "EU-ch U18 Girls 18th"]
[Site "Herceg Novi"]
[Date "2008.09.17"]
[Round "3"]
[White "Mader, Manuela"]
[Black "Nowak, Malgorzata"]
[Result "1/2-1/2"]
[WhiteElo "2155"]
[BlackElo "2052"]
[PlyCount "84"]
[EventDate "2008.09.15"]
[EventType "swiss"]
[EventRounds "9"]
[EventCountry "MNE"]
[SourceTitle "CBM 126 Extra"]
[Source "ChessBase"]
[SourceDate "2008.11.05"]
[SourceVersion "1"]
[SourceVersionDate "2008.11.05"]
[SourceQuality "1"]

1. e4 e6 2. d4 d5 3. Nd2 c5 4. exd5 exd5 5. Ngf3 Nc6 6. Bb5 Bd6 7. dxc5 Bxc5 8. 0-0 Nge7 9. Nb3 Bd6 10. Bg5 0-0 11. Re1 Bg4 12. Bh4 Qc7 13. Bg3 Bxg3 14. hxg3 Rad8 15. c3 Nf5 16. Qd3 Bxf3 17. Qxf3 g6 18. Rad1 a6 19. Bd3 Ng7 20. Bc2 Qd6 21. Qe3 Ne6 22. Qb6 Qc7 23. Qxc7 Nxc7 24. Nd4 Rfe8 25. Rxe8+ Nxe8 26. Nxc6 bxc6 27. Rd4 Rb8 28. b4 Nc7 29. a4 a5 30. bxa5 c5 31. Rf4 Ra8 32. Rf3 Rxa5 33. c4 dxc4 34. Rc3 Ne6 35. Rxc4 Nd4 36. Bd1 f5 37. Kf1 Kf7 38. Ke1 Ke6 39. Kd2 Kd5 40. Kd3 g5 41. Bf3+ Kd6 42. Bd1 Ra7 1/2-1/2

[Event "EU-ch U18 Girls 18th"]
[Site "Herceg Novi"]
[Date "2008.09.15"]
[Round "1"]
[White "Balcaite, Agne"]
[Black "Nowak, Malgorzata"]
[Result "1/2-1/2"]
[WhiteElo "1830"]
[BlackElo "2052"]
[PlyCount "126"]
[EventDate "2008.09.15"]
[EventType "swiss"]
[EventRounds "9"]
[EventCountry "MNE"]
[SourceTitle "CBM 126 Extra"]
[Source "ChessBase"]
[SourceDate "2008.11.05"]
[SourceVersion "1"]
[SourceVersionDate "2008.11.05"]
[SourceQuality "1"]

1. e4 d5 2. exd5 Qxd5 3. Nc3 Qa5 4. d4 c6 5. Nf3 Nf6 6. Bd2 Bf5 7. Bc4 e6 8. 0-0 Nbd7 9. Re1 Qc7 10. Bb3 0-0-0 11. Qe2 h6 12. Ne5 Nb6 13. Be3 g5 14. a4 a5 15. Qf3 g4 16. Qe2 Bd6 17. Bd2 Bb4 18. Nd1 Rxd4 19. Bxb4 Rxb4 20. Nc3 Rd8 21. Qe3 h5 22. Qg5 Nbd5 23. Nxd5 Nxd5 24. Qxh5 f6 25. Bxd5 Rxd5 26. c3 Rxb2 27. Nxg4 Qf4 28. f3 Qd2 29. Ne3 Re5 30. Qh8+ Kc7 31. Qg7+ Kc8 32. Qg8+ Kc7 33. Qg7+ Kb8 34. Qg3 Qxc3 35. Rac1 Qd4 36. Rcd1 Rd2 37. Rxd2 Qxd2 38. Qf2 Qxf2+ 39. Kxf2 b5 40. axb5 cxb5 41. Nxf5 Rxf5 42. Rxe6 a4 43. g4 Rc5 44. Rxf6 a3 45. Ra6 Rc2+ 46. Ke3 a2 47. Kd3 Rxh2 48. Kc3 Kb7 49. Ra3 Rf2 50. Kb3 Kc6 51. Rxa2 Rxf3+ 52. Kb2 Rg3 53. Ra6+ Kc5 54. Rg6 Kc4 55. g5 Rg2+ 56. Kb1 Kb3 57. Kc1 b4 58. Rg8 Rg1+ 59. Kd2 Ka2 60. g6 b3 61. g7 Rg2+ 62. Kd3 Rg3+ 63. Kd2 Rg2+ 1/2-1/2

[Event "Polanica Zdroj op-A 44th"]
[Site "Polanica Zdroj"]
[Date "2008.08.27"]
[Round "9"]
[White "Nowak, Malgorzata"]
[Black "Jakubiec, Edyta"]
[Result "1/2-1/2"]
[WhiteElo "2052"]
[BlackElo "2204"]
[PlyCount "119"]
[EventDate "2008.08.19"]
[EventType "swiss"]
[EventRounds "10"]
[EventCountry "POL"]
[SourceTitle "CBM 126 Extra"]
[Source "ChessBase"]
[SourceDate "2008.11.05"]
[SourceVersion "1"]
[SourceVersionDate "2008.11.05"]
[SourceQuality "1"]

1. d4 c5 2. d5 f5 3. g3 e5 4. e4 d6 5. Nc3 Nf6 6. Bg2 Be7 7. Nge2 Na6 8. a4 fxe4 9. Nxe4 Bf5 10. N2c3 0-0 11. 0-0 Nc7 12. f3 Rb8 13. Be3 b6 14. Rb1 Qd7 15. Qd2 Bg6 16. Ng5 a6 17. Bh3 Bf5 18. g4 Bg6 19. Ne6 Nxe6 20. g5 Nxd5 21. Bxe6+ Qxe6 22. Nxd5 Bd8 23. Rbd1 Bh5 24. Qg2 b5 25. Rd2 bxa4 26. c3 c4 27. f4 Rb5 28. fxe5 Bf7 29. Nb4 dxe5 30. Qc6 Bb6 31. Bxb6 Rxb6 32. Qxa4 h6 33. Qd1 Qe7 34. Rg2 Rd6 35. Qc1 h5 36. Rgf2 Qa7 37. Qe1 Qc5 38. Nc2 Rd3 39. Nb4 Rd6 40. h3 a5 41. Nc2 Be6 42. Qe3 Qxe3 43. Nxe3 Rb8 44. Ra1 Rb5 45. h4 Kh7 46. Kg2 Rd3 47. Re2 Kg6 48. Ra4 Rc5 49. Ra1 Rd8 50. Rf1 Rb5 51. Kg3 Rd3 52. Kg2 Rd7 53. Kg3 Rdb7 54. Ref2 Kh7 55. Rd2 R7b6 56. Kf3 Bf7 57. Kg3 Be6 58. Kf3 Bf7 59. Kg3 Be6 60. Kf3 1/2-1/2

[Event "Polanica Zdroj op-A 44th"]
[Site "Polanica Zdroj"]
[Date "2008.08.26"]
[Round "8"]
[White "Golek, Jagoda"]
[Black "Nowak, Malgorzata"]
[Result "0-1"]
[WhiteElo "2023"]
[BlackElo "2052"]
[PlyCount "108"]
[EventDate "2008.08.19"]
[EventType "swiss"]
[EventRounds "10"]
[EventCountry "POL"]
[SourceTitle "CBM 126 Extra"]
[Source "ChessBase"]
[SourceDate "2008.11.05"]
[SourceVersion "1"]
[SourceVersionDate "2008.11.05"]
[SourceQuality "1"]

1. e4 e6 2. d4 d5 3. exd5 exd5 4. c4 Nf6 5. Nc3 c6 6. h3 h6 7. Nf3 Bd6 8. Bd3 dxc4 9. Bxc4 0-0 10. 0-0 Bf5 11. a4 a5 12. Qb3 Qc7 13. Be3 Nbd7 14. Rac1 Nb6 15. Rfd1 Nxc4 16. Qxc4 Be6 17. Qd3 Qe7 18. Re1 Rfd8 19. Nh4 Qd7 20. Qf1 Bb4 21. Nf3 Nd5 22. Ne5 Qe7 23. Qe2 Nb6 24. Qc2 Qh4 25. Red1 Qh5 26. b3 f6 27. Nd3 Qf7 28. Rb1 Bf5 29. Rbc1 Qg6 30. Ne2 Nd5 31. Qc4 Bxd3 32. Qxd3 Qxd3 33. Rxd3 Rd7 34. Ng3 Re8 35. Rcd1 Kf7 36. Nf5 h5 37. Ng3 g6 38. Nf1 f5 39. g3 Nc3 40. R1d2 Nd5 41. Rd1 Nc3 42. R1d2 Ne4 43. Rd1 Red8 44. Nh2 Nc5 45. Nf3 Nxd3 46. Rxd3 Rd5 47. Kf1 c5 48. Ke2 cxd4 49. Rxd4 Rxd4 50. Bxd4 Ke6 51. Be3 Kd5 52. Ng5 Rc8 53. Nf3 Rc2+ 54. Kd3 Rc3+ 0-1

[Event "Polanica Zdroj op-A 44th"]
[Site "Polanica Zdroj"]
[Date "2008.08.23"]
[Round "5"]
[White "Nowak, Malgorzata"]
[Black "Czarnota, Dorota"]
[Result "1/2-1/2"]
[WhiteElo "2052"]
[BlackElo "2229"]
[PlyCount "42"]
[EventDate "2008.08.19"]
[EventType "swiss"]
[EventRounds "10"]
[EventCountry "POL"]
[SourceTitle "CBM 126 Extra"]
[Source "ChessBase"]
[SourceDate "2008.11.05"]
[SourceVersion "1"]
[SourceVersionDate "2008.11.05"]
[SourceQuality "1"]

1. d4 d5 2. c4 c6 3. Nf3 Nf6 4. Qc2 dxc4 5. Qxc4 Bf5 6. g3 Nbd7 7. Bg2 e6 8. 0-0 Be7 9. Nc3 0-0 10. e3 Rc8 11. Qe2 Ne4 12. Nd2 Nxd2 13. Bxd2 c5 14. e4 cxd4 15. exf5 dxc3 16. Bxc3 exf5 17. Rad1 Rc7 18. Qb5 Qc8 19. Qxf5 Bf6 20. Bxf6 Nxf6 21. Qb5 b6 1/2-1/2

[Event "POL-chT U19 39th"]
[Site "Gorzow Wielkopolski"]
[Date "2008.07.10"]
[Round "6.5"]
[White "Radziewicz, Katarzyna"]
[Black "Nowak, Malgorzata"]
[Result "0-1"]
[WhiteElo "1923"]
[BlackElo "2052"]
[PlyCount "46"]
[EventDate "2008.07.05"]
[EventType "team-tourn"]
[EventRounds "9"]
[EventCountry "POL"]
[SourceTitle "EXT 2019"]
[Source "ChessBase"]
[SourceDate "2018.10.10"]
[SourceVersion "1"]
[SourceVersionDate "2018.10.10"]
[SourceQuality "1"]
[WhiteTeam "Wroclaw KS Polonia U19"]
[BlackTeam "Poznan Pocztowiec U19"]
[WhiteTeamCountry "POL"]
[BlackTeamCountry "POL"]

1. d4 d5 2. c4 dxc4 3. Nf3 Nf6 4. e3 e6 5. Bxc4 c5 6. 0-0 a6 7. Bb3 cxd4 8. exd4 Nc6 9. Bg5 Be7 10. Nc3 0-0 11. Re1 Re8 12. Rc1 Na5 13. Bc2 b5 14. Ne5 Ra7 15. Qd3 g6 16. Re3 Nd5 17. Bxe7 Raxe7 18. Nxd5 Qxd5 19. Rg3 Nc6 20. Ng4 Qxd4 21. Qf3 Qxb2 22. Nf6+ Kg7 23. Nxe8+ Rxe8 0-1

[Event "POL-chT U19 39th"]
[Site "Gorzow Wielkopolski"]
[Date "2008.07.09"]
[Round "5.29"]
[White "Sobierska, Wioletta"]
[Black "Nowak, Malgorzata"]
[Result "0-1"]
[WhiteElo "1991"]
[BlackElo "2052"]
[PlyCount "66"]
[EventDate "2008.07.05"]
[EventType "team-tourn"]
[EventRounds "9"]
[EventCountry "POL"]
[SourceTitle "EXT 2019"]
[Source "ChessBase"]
[SourceDate "2018.10.10"]
[SourceVersion "1"]
[SourceVersionDate "2018.10.10"]
[SourceQuality "1"]
[WhiteTeam "Warszawa Polonia U19"]
[BlackTeam "Poznan Pocztowiec U19"]
[WhiteTeamCountry "POL"]
[BlackTeamCountry "POL"]

1. e4 e6 2. d4 d5 3. exd5 exd5 4. c4 c6 5. Nc3 Nf6 6. Nf3 Bd6 7. Be2 dxc4 8. Bxc4 0-0 9. 0-0 h6 10. Re1 Nbd7 11. Ne5 Nb6 12. Bb3 Nbd5 13. Qf3 Be6 14. Bc2 Rc8 15. Qg3 Nh5 16. Qd3 Nhf6 17. Nxd5 cxd5 18. Bd2 Qb6 19. Bc3 Bb4 20. Bxb4 Qxb4 21. Bb3 Rc7 22. Qe3 Bf5 23. Qf4 Be4 24. Ng4 Rc6 25. Nxf6+ Rxf6 26. Qe3 Re6 27. a3 Qb6 28. f3 Bc2 29. Qxe6 fxe6 30. Bxc2 Qxd4+ 31. Kh1 Qxb2 32. Bg6 Qf6 33. Bh5 Rc8 0-1

[Event "POL-ch U18 Girls"]
[Site "Leba"]
[Date "2008.04.04"]
[Round "9"]
[White "Golek, Jagoda"]
[Black "Nowak, Malgorzata"]
[Result "1-0"]
[WhiteElo "2044"]
[BlackElo "2037"]
[PlyCount "93"]
[EventDate "2008.03.29"]
[EventType "swiss"]
[EventRounds "11"]
[EventCountry "POL"]
[SourceTitle "CBM 123 Extra"]
[Source "ChessBase"]
[SourceDate "2008.05.06"]
[SourceVersion "1"]
[SourceVersionDate "2008.05.06"]
[SourceQuality "1"]

1. b4 e5 2. Bb2 f6 3. a3 d5 4. e3 Be6 5. Nf3 Bd6 6. d3 Nd7 7. c4 c6 8. Be2 Ne7 9. Nc3 0-0 10. Qc2 a5 11. b5 dxc4 12. dxc4 Nc5 13. 0-0 Qe8 14. Rfd1 Rd8 15. Rd2 Qf7 16. Rad1 Bc7 17. Rxd8 Bxd8 18. Nd2 f5 19. Na4 Nd7 20. Nf3 Ng6 21. bxc6 bxc6 22. Rd6 c5 23. Nc3 Be7 24. Rd1 Nb6 25. Nd5 Bxd5 26. cxd5 Bd6 27. Qd2 Ra8 28. Bb5 Qe7 29. e4 f4 30. a4 h6 31. Bc3 Qa7 32. Qb2 Qc7 33. Qd2 Nd7 34. Qe2 Ra7 35. Nd2 Nb6 36. Nb3 Nc8 37. Qd2 f3 38. g3 Qf7 39. Qe3 Nf4 40. Bf1 Qg6 41. Nd2 Nb6 42. Nxf3 Nxa4 43. Bxe5 Nh5 44. Bxd6 Qxd6 45. e5 Qd8 46. d6 Nb6 47. g4 1-0

[Event "POL-ch U18 Girls"]
[Site "Leba"]
[Date "2008.04.03"]
[Round "8"]
[White "Nowak, Malgorzata"]
[Black "Krasnodebska, Magdalena"]
[Result "1-0"]
[WhiteElo "2037"]
[BlackElo "2019"]
[PlyCount "49"]
[EventDate "2008.03.29"]
[EventType "swiss"]
[EventRounds "11"]
[EventCountry "POL"]
[SourceTitle "CBM 123 Extra"]
[Source "ChessBase"]
[SourceDate "2008.05.06"]
[SourceVersion "1"]
[SourceVersionDate "2008.05.06"]
[SourceQuality "1"]

1. d4 Nf6 2. c4 e6 3. Nc3 Bb4 4. f3 d5 5. a3 Bxc3+ 6. bxc3 b6 7. cxd5 exd5 8. e3 0-0 9. Bd3 c5 10. Ne2 Nc6 11. a4 Bb7 12. 0-0 Re8 13. Ng3 cxd4 14. cxd4 Nb4 15. Bb1 Qc7 16. Qd2 a5 17. Bb2 g6 18. Re1 Qe7 19. e4 dxe4 20. fxe4 Ng4 21. h3 Qh4 22. Qf4 h5 23. hxg4 hxg4 24. Rf1 Re7 25. d5 1-0

[Event "POL-ch U18 Girls"]
[Site "Leba"]
[Date "2008.03.30"]
[Round "2"]
[White "Nowak, Malgorzata"]
[Black "Dusza, Elzbieta"]
[Result "1-0"]
[WhiteElo "2037"]
[BlackElo "1829"]
[PlyCount "73"]
[EventDate "2008.03.29"]
[EventType "swiss"]
[EventRounds "11"]
[EventCountry "POL"]
[SourceTitle "CBM 123 Extra"]
[Source "ChessBase"]
[SourceDate "2008.05.06"]
[SourceVersion "1"]
[SourceVersionDate "2008.05.06"]
[SourceQuality "1"]

1. d4 Nf6 2. c4 e6 3. Nc3 Bb4 4. Qc2 d6 5. a3 Bxc3+ 6. Qxc3 Nbd7 7. Nf3 h6 8. e3 Ne4 9. Qc2 f5 10. Bd3 Ndf6 11. 0-0 b6 12. Nd2 Bb7 13. f3 Nxd2 14. Bxd2 c5 15. b4 Qe7 16. Rab1 cxb4 17. axb4 0-0 18. c5 Rac8 19. Rfc1 dxc5 20. bxc5 bxc5 21. dxc5 Rfd8 22. Ba5 Rd5 23. Bb4 Bc6 24. Bc4 Rd7 25. Qxf5 Nd5 26. Qe5 Nc7 27. e4 Qf6 28. Bc3 Kf7 29. Qg3 Qg5 30. Qxg5 hxg5 31. h3 Ne8 32. Ba6 Rcd8 33. Ba5 Nc7 34. Bb7 Bxb7 35. Rxb7 Na6 36. Rxd7+ Rxd7 37. c6 1-0

[Event "POL-ch U20 Girls"]
[Site "Sroda Wielkopolska"]
[Date "2008.02.01"]
[Round "9"]
[White "Nowak, Malgorzata"]
[Black "Kulon, Klaudia"]
[Result "1-0"]
[WhiteElo "2037"]
[BlackElo "2128"]
[PlyCount "97"]
[EventDate "2008.01.26"]
[EventType "tourn"]
[EventRounds "11"]
[EventCountry "POL"]
[SourceTitle "CBM 122 Extra"]
[Source "ChessBase"]
[SourceDate "2008.03.04"]
[SourceVersion "1"]
[SourceVersionDate "2008.03.04"]
[SourceQuality "1"]

1. d4 d5 2. c4 e6 3. Nc3 c6 4. e3 Bd6 5. Nf3 f5 6. Bd3 Nf6 7. 0-0 0-0 8. Ne5 Bxe5 9. dxe5 Ng4 10. f4 d4 11. Na4 Na6 12. a3 Rb8 13. h3 Nxe3 14. Bxe3 dxe3 15. Qe2 Nc7 16. Rad1 Qe8 17. Qxe3 b5 18. cxb5 cxb5 19. Nc5 Nd5 20. Qd2 b4 21. a4 Qe7 22. Rc1 Rd8 23. Qf2 Bb7 24. Bc4 Ba8 25. Nb3 Nb6 26. Nd4 Nxc4 27. Rxc4 Bd5 28. Rcc1 Rdc8 29. Nb5 a6 30. Nd6 Rxc1 31. Rxc1 h6 32. Rc5 b3 33. Qd4 Qh4 34. Qd2 Qh5 35. Rc7 Qg6 36. Nc8 Kh7 37. Ne7 Qe8 38. Nxd5 exd5 39. Qxd5 Rd8 40. Qxb3 Rd4 41. Qg3 Qf8 42. b3 Re4 43. h4 Kh8 44. h5 Rb4 45. e6 Qg8 46. Rf7 Re4 47. Qg6 Rb4 48. e7 Rb8 49. Qxf5 1-0

[Event "POL-ch U20 Girls"]
[Site "Sroda Wielkopolska"]
[Date "2008.01.30"]
[Round "7"]
[White "Nowak, Malgorzata"]
[Black "Adamowicz, Katarzyna"]
[Result "0-1"]
[WhiteElo "2037"]
[BlackElo "2079"]
[PlyCount "74"]
[EventDate "2008.01.26"]
[EventType "tourn"]
[EventRounds "11"]
[EventCountry "POL"]
[SourceTitle "CBM 122 Extra"]
[Source "ChessBase"]
[SourceDate "2008.03.04"]
[SourceVersion "1"]
[SourceVersionDate "2008.03.04"]
[SourceQuality "1"]

1. d4 d5 2. c4 c6 3. Nf3 Nf6 4. Qc2 e6 5. e3 Nbd7 6. Nc3 Be7 7. b3 0-0 8. Bd3 h6 9. 0-0 b6 10. e4 dxe4 11. Nxe4 Bb7 12. Bb2 c5 13. Rad1 Qc7 14. dxc5 bxc5 15. Qe2 Rad8 16. Nc3 a6 17. Bb1 Ng4 18. Be4 Bxe4 19. Nxe4 Ngf6 20. Ng3 a5 21. Rd3 Nb6 22. Rfd1 a4 23. Ne5 axb3 24. axb3 Ra8 25. f4 Rfd8 26. f5 Qc8 27. Ng4 Rxd3 28. Rxd3 Ra2 29. Rd2 Nh7 30. Qe5 Nf6 31. Qe2 Nh7 32. Nh5 Bg5 33. Rd6 exf5 34. Nxh6+ Bxh6 35. Rxb6 Qd8 36. Rc6 Rxb2 37. Qxb2 Be3+ 0-1

[Event "POL-ch U20 Girls"]
[Site "Sroda Wielkopolska"]
[Date "2008.01.29"]
[Round "5"]
[White "Nowak, Malgorzata"]
[Black "Iwanow, Anna"]
[Result "1-0"]
[WhiteElo "2037"]
[BlackElo "1975"]
[PlyCount "67"]
[EventDate "2008.01.26"]
[EventType "tourn"]
[EventRounds "11"]
[EventCountry "POL"]
[SourceTitle "CBM 122 Extra"]
[Source "ChessBase"]
[SourceDate "2008.03.04"]
[SourceVersion "1"]
[SourceVersionDate "2008.03.04"]
[SourceQuality "1"]

1. d4 Nf6 2. c4 g6 3. Nc3 Bg7 4. e4 d6 5. Nf3 0-0 6. Be2 e5 7. 0-0 Nc6 8. d5 Ne7 9. Nd2 Nd7 10. b4 f5 11. a4 Nf6 12. Ba3 f4 13. f3 g5 14. c5 Ng6 15. b5 Rf7 16. Nc4 Bf8 17. b6 dxc5 18. bxc7 Rxc7 19. Nb5 Rd7 20. d6 b6 21. a5 Kh8 22. Bb2 Ba6 23. Nxe5 Nxe5 24. Bxe5 Rb8 25. Qd2 Bg7 26. Rfd1 Qg8 27. Qc3 Qf8 28. axb6 Rxb6 29. Qxc5 Ne8 30. Bxg7+ Qxg7 31. e5 Rdb7 32. d7 Rxd7 33. Rxd7 Qxd7 34. Qf8# 1-0

[Event "POL-ch sf (Women)"]
[Site "Chotowa"]
[Date "2007.11.06"]
[Round "4"]
[White "Kaniak, Monika"]
[Black "Nowak, Malgorzata"]
[Result "0-1"]
[WhiteElo "1950"]
[BlackElo "1983"]
[PlyCount "80"]
[EventDate "2007.11.03"]
[EventType "swiss"]
[EventRounds "9"]
[EventCountry "POL"]
[SourceTitle "EXT 2010"]
[Source "ChessBase"]
[SourceDate "2010.11.25"]
[SourceVersion "1"]
[SourceVersionDate "2010.11.25"]
[SourceQuality "1"]

1. d4 d5 2. c4 dxc4 3. e4 c5 4. d5 Nf6 5. Nc3 e6 6. Nf3 a6 7. a4 exd5 8. e5 d4 9. exf6 dxc3 10. Qxd8+ Kxd8 11. Bg5 Kc7 12. bxc3 Be6 13. Ne5 Nd7 14. Nxc4 gxf6 15. Bf4+ Kc6 16. Rd1 Ne5 17. Nxe5+ fxe5 18. Bxe5 Rg8 19. c4 Re8 20. g3 Bg4 21. Bg2+ Kb6 22. Rb1+ Ka5 23. f4 f6 24. 0-0 fxe5 25. f5 e4 26. f6 Rg6 27. Rxb7 e3 28. f7 Rd8 29. Bd5 Bh3 30. Re1 Rf6 31. Rb2 Bg7 32. Rbe2 Bh6 33. Rb2 Rf8 34. Reb1 Bg5 35. Re2 Bg4 36. Ree1 Be6 37. h4 Bh6 38. Bxe6 Rxe6 39. Rb7 Rf6 40. g4 R6xf7 0-1

[Event "POL-ch sf (Women)"]
[Site "Chotowa"]
[Date "2007.11.03"]
[Round "1"]
[White "Nowak, Malgorzata"]
[Black "Leks, Maria"]
[Result "1-0"]
[WhiteElo "1983"]
[BlackElo "1749"]
[PlyCount "97"]
[EventDate "2007.11.03"]
[EventType "swiss"]
[EventRounds "9"]
[EventCountry "POL"]
[SourceTitle "EXT 2010"]
[Source "ChessBase"]
[SourceDate "2010.11.25"]
[SourceVersion "1"]
[SourceVersionDate "2010.11.25"]
[SourceQuality "1"]

1. d4 d5 2. c4 c6 3. Nc3 Nf6 4. e3 a6 5. b3 b5 6. Bd3 g6 7. Nf3 Bg4 8. h3 Bxf3 9. Qxf3 Bg7 10. 0-0 0-0 11. Bb2 e6 12. Rfd1 Nbd7 13. e4 Nb6 14. e5 Nfd7 15. Ba3 Re8 16. Rac1 Rc8 17. cxb5 cxb5 18. Bb4 Qh4 19. Bd6 Bh6 20. Rc2 Bg7 21. Qg4 Qxg4 22. hxg4 f6 23. f4 Bf8 24. Bxf8 Kxf8 25. Rdc1 f5 26. gxf5 gxf5 27. a4 b4 28. Nd1 Rxc2 29. Rxc2 a5 30. Bb5 Ke7 31. Ne3 h5 32. g3 Rg8 33. Kh2 Rh8 34. Kh3 Rc8 35. Kh4 Rc3 36. Rxc3 bxc3 37. Kxh5 Kf7 38. g4 fxg4 39. Kxg4 Nb8 40. Kg5 Nc8 41. f5 Ne7 42. fxe6+ Kxe6 43. Kf4 Nbc6 44. Bxc6 Nxc6 45. Nc2 Ne7 46. Ke3 Nf5+ 47. Kd3 Ng3 48. Kxc3 Ne2+ 49. Kd2 1-0

[Event "Kochan Memorial op-B 18th"]
[Site "Koszalin"]
[Date "2007.08.09"]
[Round "5"]
[White "Nowak, Malgorzata"]
[Black "Kowalski, Lukasz"]
[Result "1/2-1/2"]
[WhiteElo "1983"]
[BlackElo "2085"]
[PlyCount "118"]
[EventDate "2007.08.05"]
[EventType "swiss"]
[EventRounds "9"]
[EventCountry "POL"]
[SourceTitle "EXT 2011"]
[Source "ChessBase"]
[SourceDate "2010.11.26"]
[SourceVersion "1"]
[SourceVersionDate "2010.11.26"]
[SourceQuality "1"]

1. d4 d5 2. c4 e6 3. Nc3 Nf6 4. Bg5 Nbd7 5. e3 Bb4 6. Qc2 c5 7. cxd5 exd5 8. dxc5 Qa5 9. Bxf6 Nxf6 10. Bd3 0-0 11. Nge2 Bxc5 12. 0-0 Bd7 13. a3 Qc7 14. Rac1 Rac8 15. Bf5 Qe5 16. Bxd7 Nxd7 17. Rfd1 Nf6 18. Nd4 Rfd8 19. Nf3 Qh5 20. Qb3 Rd7 21. Rd3 Bd6 22. Rcd1 Rcd8 23. h3 Bb8 24. Qb5 g6 25. Qb3 Qf5 26. Nd4 Qe5 27. Nf3 Qc7 28. Kf1 Qa5 29. Qa2 Qa6 30. Kg1 Qc6 31. b4 a6 32. a4 Qc4 33. Qxc4 dxc4 34. Rxd7 Rxd7 35. Rd4 Rxd4 36. Nxd4 Bd6 37. Nc2 Kf8 38. f4 Ke7 39. Kf2 Kd7 40. Kf3 Ne8 41. Ke4 Bf8 42. Kd5 Nd6 43. e4 Bh6 44. g3 b6 45. e5 Nf5 46. g4 Ne7+ 47. Kxc4 Bxf4 48. Nd5 Bxe5 49. Nxb6+ Kc6 50. a5 f5 51. gxf5 Nxf5 52. Na4 Nd6+ 53. Kb3 Ne4 54. Kc4 Nd6+ 55. Kb3 Nb7 56. Kc4 Bd6 57. Nd4+ Kd7 58. Nb6+ Ke7 59. Kd5 Bxb4 1/2-1/2